[Event "Olympiad-43"]
[Site "Batumi"]
[Date "2018.10.05"]
[Round "11.3"]
[White "Dube, Rene"]
[Black "Mohatlane, Liteboho"]
[Result "1-0"]
[WhiteElo "1743"]
[BlackElo "1655"]
[PlyCount "141"]
[EventDate "2018.09.24"]
[EventType "team-swiss"]
[EventRounds "11"]
[EventCountry "GEO"]
[SourceTitle "CBM 187"]
[Source "ChessBase"]
[SourceDate "2018.12.11"]
[SourceVersion "1"]
[SourceVersionDate "2018.12.11"]
[SourceQuality "1"]
[WhiteTeam "Nauru"]
[BlackTeam "Lesotho"]
[WhiteTeamCountry "NAU"]
[BlackTeamCountry "LES"]

1. e4 e5 2. Nf3 Nc6 3. d4 exd4 4. Bc4 Nf6 5. e5 d5 6. Bb5 Ne4 7. Nxd4 Bd7 8. Nxc6 bxc6 9. Bd3 Bc5 10. Bxe4 dxe4 11. 0-0 Qh4 12. Nc3 Bg4 13. Qe1 Bf5 14. Be3 Bb6 15. Na4 0-0 16. Qc3 Qe7 17. Bc5 Bxc5 18. Nxc5 Rfe8 19. e6 Bxe6 20. Nxe4 Bd5 21. Ng3 Qg5 22. Rfe1 h5 23. h4 Qxh4 24. Qxg7+ Kxg7 25. Nf5+ Kg6 26. Nxh4+ Kg5 27. g3 f5 28. f4+ Kf6 29. Kf2 Re4 30. Rxe4 Bxe4 31. c4 Rd8 32. Re1 Rd2+ 33. Re2 Rd1 34. b3 Ke6 35. Nf3 Kd6 36. Rd2+ Rxd2+ 37. Nxd2 Bc2 38. b4 c5 39. a3 a6 40. Ke3 cxb4 41. axb4 c5 42. b5 axb5 43. cxb5 Kc7 44. Nc4 Bb3 45. b6+ Kd7 46. Kd3 Ba4 47. Na5 Bb5+ 48. Kc3 Kc8 49. Nb3 Kb7 50. Nxc5+ Kxb6 51. Ne6 Be2 52. Kd4 Kc6 53. Ke5 Bg4 54. Ng7 Kc5 55. Nxf5 Kc6 56. Nh6 Be2 57. f5 Kd7 58. Kf6 Kd6 59. Kg5 Ke5 60. f6 Bc4 61. f7 Bxf7 62. Nxf7+ Ke4 63. Kxh5 Kf5 64. g4+ Kf6 65. Nd6 Kg7 66. g5 Kh7 67. g6+ Kg7 68. Nf5+ Kg8 69. Kh6 Kh8 70. g7+ Kg8 71. Ne7+ 1-0

[Event "Johannesburg Tsogo Sun op"]
[Site "Johannesburg"]
[Date "2015.07.17"]
[Round "4"]
[White "Mwali, Chitumbo"]
[Black "Mohatlane, Liteboho"]
[Result "1-0"]
[WhiteElo "2325"]
[BlackElo "1615"]
[PlyCount "59"]
[EventDate "2015.07.15"]
[EventType "swiss"]
[EventRounds "9"]
[EventCountry "RSA"]
[SourceTitle "CBM 167 Extra"]
[Source "ChessBase"]
[SourceDate "2015.09.14"]
[SourceVersion "1"]
[SourceVersionDate "2015.09.14"]
[SourceQuality "1"]

1. e4 e5 2. Nf3 Nc6 3. Bb5 a6 4. Ba4 Nf6 5. 0-0 d6 6. Re1 Be7 7. c3 0-0 8. h3 b5 9. Bb3 Na5 10. Bc2 c5 11. d3 Qc7 12. Nbd2 Re8 13. Nf1 h6 14. Ng3 Bf8 15. Nh2 g6 16. Qf3 Qe7 17. a3 Be6 18. Qd1 Bg7 19. Bd2 Reb8 20. f4 exf4 21. Nf5 gxf5 22. exf5 Nd5 23. fxe6 fxe6 24. b4 Nc6 25. Bb3 c4 26. dxc4 bxc4 27. Bxc4 Qa7+ 28. Kh1 Nce7 29. Rxe6 Qd7 30. Rxe7 1-0

[Event "Olympiad-41"]
[Site "Tromsoe"]
[Date "2014.08.08"]
[Round "6.2"]
[White "Christopher, Art"]
[Black "Mohatlane, Liteboho"]
[Result "0-1"]
[WhiteElo "1668"]
[BlackElo "1577"]
[PlyCount "210"]
[EventDate "2014.08.02"]
[EventType "team-swiss"]
[EventRounds "11"]
[EventCountry "NOR"]
[SourceTitle "CBM 162"]
[Source "ChessBase"]
[SourceDate "2014.09.17"]
[SourceVersion "1"]
[SourceVersionDate "2014.09.17"]
[SourceQuality "1"]
[WhiteTeam "British Virgin Islands"]
[BlackTeam "Lesotho"]
[WhiteTeamCountry "IVB"]
[BlackTeamCountry "LES"]

1. e4 e5 2. Nf3 Nc6 3. Bb5 a6 4. Ba4 Nf6 5. 0-0 b5 6. Bb3 Be7 7. Re1 d6 8. c3 0-0 9. d4 Bg4 10. d5 Na5 11. h3 Nxb3 12. axb3 Bh5 13. Qd3 Qd7 14. Bg5 c6 15. Bxf6 Bxf6 16. Nbd2 Bd8 17. b4 Bg6 18. b3 Bb6 19. c4 c5 20. Qc3 cxb4 21. Qxb4 Bc5 22. Qc3 b4 23. Qc2 Qa7 24. Nf1 f5 25. Ne3 fxe4 26. Ng5 Bf5 27. Ra2 h6 28. Nxf5 Rxf5 29. Nxe4 Raf8 30. Nxc5 Qxc5 31. Rf1 a5 32. Kh1 h5 33. f3 g5 34. Rfa1 Qd4 35. Rxa5 e4 36. Qxe4 Qxe4 37. fxe4 Re5 38. Re1 g4 39. Rb5 g3 40. Kg1 Ree8 41. h4 Ra8 42. Rxb4 Ra2 43. Rf1 Re8 44. Rf3 Ra1+ 45. Rf1 Ra2 46. Re1 Rf8 47. Ra4 Rb2 48. Rf1 Re8 49. Raa1 Rxe4 50. Rf3 Rg4 51. Kf1 Rxh4 52. Rxg3+ Kf7 53. Rh3 Rxh3 54. gxh3 Rxb3 55. Kg2 Rc3 56. Ra7+ Kf6 57. Rh7 Rc2+ 58. Kg3 Rc3+ 59. Kh4 Rxc4+ 60. Kxh5 Rd4 61. Rh6+ Ke5 62. Kg6 Kxd5 63. Kf5 Rd1 64. Kf4 Kc4 65. h4 d5 66. Rc6+ Kd3 67. h5 Rf1+ 68. Ke5 d4 69. h6 Re1+ 70. Kd5 Rh1 71. Re6 Rh5+ 72. Kd6 Kc2 73. Ke7 d3 74. Rc6+ Kd1 75. Kf7 d2 76. Kg6 Rh2 77. h7 Rg2+ 78. Kf5 Rf2+ 79. Ke4 Rh2 80. Rc7 Ke1 81. Rg7 Rh1 82. Rg1+ Rxg1 83. h8Q d1Q 84. Qh4+ Kd2 85. Qd8+ Kc2 86. Qc7+ Kb1 87. Qb6+ Ka2 88. Qa5+ Kb3 89. Qb5+ Ka3 90. Qc5+ Ka4 91. Qc4+ Ka5 92. Qc5+ Ka4 93. Qc4+ Ka3 94. Qc5+ Kb2 95. Qe5+ Kc1 96. Qa1+ Kd2 97. Qd4+ Ke2 98. Qe3+ Kf1 99. Qf4+ Kg2 100. Qg5+ Kh3 101. Qh6+ Kg3 102. Qf4+ Kh3 103. Qh6+ Kg4 104. Qf4+ Kh5 105. Qh2+ Kg6 0-1

[Event "Olympiad-41"]
[Site "Tromsoe"]
[Date "2014.08.04"]
[Round "3.2"]
[White "Chimthere, Alfred Charles"]
[Black "Mohatlane, Liteboho"]
[Result "1-0"]
[WhiteElo "2017"]
[BlackElo "1577"]
[PlyCount "69"]
[EventDate "2014.08.02"]
[EventType "team-swiss"]
[EventRounds "11"]
[EventCountry "NOR"]
[SourceTitle "CBM 162"]
[Source "ChessBase"]
[SourceDate "2014.09.17"]
[SourceVersion "1"]
[SourceVersionDate "2014.09.17"]
[SourceQuality "1"]
[WhiteTeam "Malawi"]
[BlackTeam "Lesotho"]
[WhiteTeamCountry "MWI"]
[BlackTeamCountry "LES"]

1. e4 e5 2. Nf3 Nc6 3. Bb5 a6 4. Ba4 Nf6 5. Nc3 b5 6. Bb3 Be7 7. d3 d6 8. a4 b4 9. Nd5 0-0 10. 0-0 Bg4 11. c3 a5 12. h3 Bd7 13. Nxe7+ Nxe7 14. Bg5 Ng6 15. Qd2 c5 16. Nh2 h6 17. Be3 Qc8 18. f4 Nh5 19. f5 Ngf4 20. Rf3 Kh7 21. g4 bxc3 22. bxc3 Rb8 23. Bc4 Nf6 24. Bxf4 exf4 25. Qxf4 Rb6 26. g5 Nh5 27. Qh4 g6 28. Ng4 d5 29. Bxd5 Qb8 30. Nf6+ Nxf6 31. Qxh6+ Kg8 32. gxf6 Rxf6 33. fxg6 Rd8 34. Qh7+ Kf8 35. Qh8+ 1-0